00466 2200181 4500001002100000005001500021008004100036020002200077035001900099041000700118082001000125090001600135100002300151245001900174260004100193300001900234650003100253INLIS00000000001811620241224115437241224||||||||| | ||| |||| || |  a978-979-27-0994-0 0010-1224018116 aid0 a741.3 a741.3 KAZ c0 aSHIMAMOTO KAZUHIKO00aCOMIC BOMBER 5 aJakartabElex Media Komputindoc2008 a189hlm;11x17cm 0aMenggambar & Seni dekorasi